ბათუმის შოთა რუსთაველის სახელმწიფო უნივერსიტეტის ბიბლიოთეკა

Задачник-практикум по математической логике. (ბიბ.ჩანაწერი № 39010)

000 -LEADER
fixed length control field 00740nam a2200205Ia 4500
001 - CONTROL NUMBER
control field 5504
003 - CONTROL NUMBER IDENTIFIER
control field GE_BSU
008 - FIXED-LENGTH DATA ELEMENTS--GENERAL INFORMATION
fixed length control field 181216s||||||||xx |||||||||||||| ||und||
040 ## - CATALOGING SOURCE
Transcribing agency GE_BSU
080 ## - UNIVERSAL DECIMAL CLASSIFICATION NUMBER
Universal Decimal Classification number 510.6(075.8)
100 ## - MAIN ENTRY--PERSONAL NAME
Personal name Игошин В.И.
245 ## - TITLE STATEMENT
Title Задачник-практикум по математической логике.
245 ## - TITLE STATEMENT
Remainder of title Учеб. пособие для студентов физ.-мат. фак. пед.ин-тов. московски гос. заоч пед. ин-ут.
260 ## - PUBLICATION, DISTRIBUTION, ETC.
Place of publication, distribution, etc. Москва
260 ## - PUBLICATION, DISTRIBUTION, ETC.
Name of publisher, distributor, etc. Просвещение
260 ## - PUBLICATION, DISTRIBUTION, ETC.
Date of publication, distribution, etc. 1986
300 ## - PHYSICAL DESCRIPTION
Extent 157 с. 22 см.
653 ## - INDEX TERM--UNCONTROLLED
Uncontrolled term Задачник-практикум по математической логике.
942 ## - ADDED ENTRY ELEMENTS (KOHA)
Koha item type წიგნი
ეგზემპლარები
Withdrawn status Lost status Damaged status Not for loan Date acquired Barcode Date last seen Price effective from Koha item type Public note
        2018-12-17 16499 2018-12-17 2018-12-17 წიგნი დარბაზი